Housing in England 2000-2001: a report of the 1999/00 survey carried out by the National Centre for Social Research on behalf of the Department for Transport, Local Government and the Regions (Record no. 102904)

MARC details
000 -LEADER
fixed length control field 01512cam a2200325 4500
008 - FIXED-LENGTH DATA ELEMENTS--GENERAL INFORMATION
fixed length control field 030618n2002 000 0 eng u
020 ## - INTERNATIONAL STANDARD BOOK NUMBER
International Standard Book Number 0117029653
035 ## - SYSTEM CONTROL NUMBER
System control number (Sirsi) u122668
041 ## - LANGUAGE CODE
Language code of text/sound track or separate title eng.
050 ## - LIBRARY OF CONGRESS CALL NUMBER
Classification number 306.1
-- 18
100 ## - MAIN ENTRY--PERSONAL NAME
Personal name Bates, Beverley
110 ## - MAIN ENTRY--CORPORATE NAME
Corporate name or jurisdiction name as entry element National Centre for Social Research
9 (RLIN) 4125
245 ## - TITLE STATEMENT
Title Housing in England 2000-2001: a report of the 1999/00 survey carried out by the National Centre for Social Research on behalf of the Department for Transport, Local Government and the Regions
260 ## - PUBLICATION, DISTRIBUTION, ETC.
Place of publication, distribution, etc. Norwich
Name of publisher, distributor, etc. HMSO
Date of publication, distribution, etc. 2002
520 ## - SUMMARY, ETC.
Summary, etc. The Survey of English Housing is a continuous ODPM survey which collects a wide range of information on households, their housing and their attitudes to housing and related issues through face-to-face interviews with about 20,000 householders each year. Since April 1999 the survey has been carried out by the National Centre for Social Research, a leading social research institute.
650 ## - SUBJECT ADDED ENTRY--TOPICAL TERM
Topical term or geographic name entry element SURVEY OF ENGLISH HOUSING
650 ## - SUBJECT ADDED ENTRY--TOPICAL TERM
Topical term or geographic name entry element HOUSING STATISTICS
690 ## - LOCAL SUBJECT ADDED ENTRY--TOPICAL TERM (OCLC, RLIN)
Topical term or geographic name as entry element HOUSING
700 ## - ADDED ENTRY--PERSONAL NAME
Personal name Joy, Sarah
700 ## - ADDED ENTRY--PERSONAL NAME
Personal name Kitchen, Sarah
700 ## - ADDED ENTRY--PERSONAL NAME
Personal name Swales, Kirby
700 ## - ADDED ENTRY--PERSONAL NAME
Personal name Perry, Jane
700 ## - ADDED ENTRY--PERSONAL NAME
Personal name Oliver, Robin
700 ## - ADDED ENTRY--PERSONAL NAME
Personal name Thornby, Marie
700 ## - ADDED ENTRY--PERSONAL NAME
Personal name Wellington, Steve
700 ## - ADDED ENTRY--PERSONAL NAME
Personal name Kafka, Edward
710 ## - ADDED ENTRY--CORPORATE NAME
Corporate name or jurisdiction name as entry element Department for Transport, Local Government and the Regions
9 (RLIN) 4091
856 ## - ELECTRONIC LOCATION AND ACCESS
Uniform Resource Identifier <a href="https://www.communities.gov.uk/embedded_object.asp?id=1155267">https://www.communities.gov.uk/embedded_object.asp?id=1155267</a>
Hours access method available View the report on the ODPM's website....
942 ## - ADDED ENTRY ELEMENTS (KOHA)
Suppress in OPAC 0
Holdings
Withdrawn status Lost status Source of classification or shelving scheme Damaged status Not for loan Home library Current library Shelving location Date acquired Total Checkouts Full call number Barcode Date last seen Copy number Price effective from Koha item type
    Dewey Decimal Classification     Virtual Virtual Online 18/06/2003   ONLINE PUBLICATION 122668-1001 06/08/2019 1 06/08/2019 Book